Local authority financial planning techniques and budgetary processes (Record no. 416199)

000 -LEADER
fixed length control field 00512cam a22001337a 4500
008 - FIXED-LENGTH DATA ELEMENTS--GENERAL INFORMATION
fixed length control field 180718b1981 xxu||||| |||| 00| 0 eng d
082 ## - DEWEY DECIMAL CLASSIFICATION NUMBER
Classification number B704x4 C831
100 ## - MAIN ENTRY--PERSONAL NAME
Personal name Committee of Experts on local and Regional Finance
245 ## - TITLE STATEMENT
Title Local authority financial planning techniques and budgetary processes
Statement of responsibility, etc. by Committee of Experts on local and Regional Finance
260 ## - PUBLICATION, DISTRIBUTION, ETC.
Place of publication, distribution, etc. Strasbourg
Name of publisher, distributor, etc.
Date of publication, distribution, etc. 1981
300 ## - PHYSICAL DESCRIPTION
Extent 58p.
440 ## - SERIES STATEMENT/ADDED ENTRY--TITLE
Title Local and Regional Authorities in Europe study no.25
650 ## - SUBJECT ADDED ENTRY--TOPICAL TERM
Topical term or geographic name entry element Cities And Towns - Growth
Holdings
Withdrawn status Lost status Damaged status Not for loan Permanent Location Current Location Date acquired Full call number Barcode Date last seen Price effective from Koha item type
        Indian Institute of Public Administration Indian Institute of Public Administration 2009-03-13 B704x4 C831 DA5521 2018-07-21 2018-07-21 DA

Powered by Koha